Normal view
MARC view
- Ethnic conflict
Entry Topical Term
001 - CONTROL NUMBER
- control field: 34807
003 - CONTROL NUMBER IDENTIFIER
- control field: OSt
005 - DATE AND TIME OF LATEST TRANSACTION
- control field: 20190122114118.0
008 - FIXED-LENGTH DATA ELEMENTS
- fixed length control field: 190122|| aca||aabn | a|a d
040 ## - CATALOGING SOURCE
- Original cataloging agency: OSt
- Transcribing agency: OSt
150 ## - HEADING--TOPICAL TERM
- Topical term or geographic name entry element: Ethnic conflict
- Geographic subdivision: Philippines
670 ## - SOURCE DATA FOUND
- Source citation: Work cat.: (OSt): Enriquez, Antonio 25806, Subanons/, ©1999
